Top 30 Most Valuable Scottish Footballers by League - Statistics

General Stats
  • This quiz has been taken 68 times
  • The average score is 12 of 25
Answer Stats
League Value Answer % Correct
Serie A €32.00m Scott McTominay
92%
Premier League €30.00m Andrew Robertson
90%
Serie A €15.00m Ché Adams
81%
Premier League €30.00m John McGinn
76%
Serie A €18.00m Billy Gilmour
73%
Premier League €10.00m Kieran Tierney
71%
Serie A €24.00m Lewis Ferguson
71%
Scottish Premiership €8.50m Callum McGregor
64%
Premier League €25.00m Aaron Hickey
59%
La Liga €4.50m Oli McBurnie
51%
La Liga €9.00m Scott McKenna
51%
Premier League €12.00m Ryan Christie
49%
EFL Championship €10.00m Ben Doak
44%
MLS €7.00m Ryan Gauld
44%
Premier League €15.00m Nathan Patterson
42%
Scottish Premiership €3.50m Lawrence Shankland
41%
Scottish Premiership €3.50m John Souttar
36%
Serie A €5.00m Josh Doig
31%
MLS €5.00m Lewis Morgan
31%
Scottish Premiership €7.50m Greg Taylor
29%
EFL Championship €4.80m Tommy Conway
20%
EFL Championship €4.00m Jacob Brown
10%
EFL Championship €3.80m David Turnbull
7%
EFL League One (Loaned from Premier League) €4.00m Calvin Ramsay
5%
Premier League €4.50m Ross Stewart
5%
No matching quizzes found
Score Distribution
Percent of People with Each Score
Percentile by Number Answered
Your Score History
You have not taken this quiz